<?xml version="1.0" encoding="UTF-8"?>
<record
    xmlns:xsi="http://www.w3.org/2001/XMLSchema-instance"
    xsi:schemaLocation="http://www.loc.gov/MARC21/slim http://www.loc.gov/standards/marcxml/schema/MARC21slim.xsd"
    xmlns="http://www.loc.gov/MARC21/slim">

  <leader>02494nam a22002654u 4500</leader>
  <controlfield tag="001">Rebiun37520065</controlfield>
  <controlfield tag="008">250410e202409  sp ||||  |||| 0|0 f spa|d</controlfield>
  <datafield tag="017" ind1=" " ind2=" ">
    <subfield code="a">DL M 16611-2024, </subfield>
    <subfield code="b">Oficina DL Madrid</subfield>
  </datafield>
  <datafield tag="020" ind1=" " ind2=" ">
    <subfield code="a">9788492919703 </subfield>
  </datafield>
  <datafield tag="040" ind1=" " ind2=" ">
    <subfield code="a">ES-CaUJI </subfield>
    <subfield code="b">eng</subfield>
    <subfield code="e">rda </subfield>
    <subfield code="c">ES-CaUJI</subfield>
  </datafield>
  <datafield tag="041" ind1="1" ind2=" ">
    <subfield code="a">Spanish</subfield>
    <subfield code="h">eng</subfield>
  </datafield>
  <datafield tag="100" ind1=" " ind2=" ">
    <subfield code="a">Mellors, Coco</subfield>
    <subfield code="e">author</subfield>
    <subfield code="9">25452</subfield>
  </datafield>
  <datafield tag="240" ind1="1" ind2="0">
    <subfield code="a">Blue sisters. </subfield>
    <subfield code="l">Spanish</subfield>
  </datafield>
  <datafield tag="245" ind1="1" ind2="4">
    <subfield code="a">Las Hermanas Blue </subfield>
    <subfield code="c">/ Coco Mellors ; traducci&#xF3;n: Bruno &#xC1;lvarez Herrero</subfield>
  </datafield>
  <datafield tag="250" ind1=" " ind2=" ">
    <subfield code="a">First edtion</subfield>
  </datafield>
  <datafield tag="260" ind1=" " ind2=" ">
    <subfield code="a">Madrid :</subfield>
    <subfield code="b">Plata, </subfield>
    <subfield code="c">2024.</subfield>
  </datafield>
  <datafield tag="300" ind1=" " ind2=" ">
    <subfield code="a">414 pages ; </subfield>
    <subfield code="c">22 cm</subfield>
  </datafield>
  <datafield tag="490" ind1=" " ind2=" ">
    <subfield code="a">Letras de plata</subfield>
  </datafield>
  <datafield tag="520" ind1=" " ind2=" ">
    <subfield code="a">Avery es una abogada muy recatada, vive en Londres y es la t&#xED;pica hermana mayor, aunque oculta un secreto que podr&#xED;a desmoronar su vida perfecta para siempre. Bonnie era boxeadora, pero, tras una derrota devastadora, ha comenzado a trabajar como portera de un local en Los &#xC1;ngeles, hasta que una noche comete un descuido que la obliga a marcharse de la ciudad. Y Lucky, la m&#xE1;s joven y rebelde, trabaja como modelo en Par&#xED;s y sus fiestas desenfrenadas le est&#xE1;n comenzando a pasar factura. Adem&#xE1;s, Avery, Bonnie y Lucky a&#xFA;n est&#xE1;n tratando de recuperarse de la inesperada muerte de Nicky, la querida cuarta hermana. Cuando, un a&#xF1;o despu&#xE9;s de su p&#xE9;rdida, las tres se re&#xFA;nen en Nueva York para impedir la venta del hogar de su infancia, se dan cuenta de que solo juntas pueden superar el duelo, la adicci&#xF3;n y el desamor, y volver a enamorarse de la vida.</subfield>
  </datafield>
  <datafield tag="520" ind1=" " ind2=" ">
    <subfield code="a">Avery is a reserved and proper solicitor living in London &#x2014; the quintessential older sister &#x2014; although she harbours a secret that could shatter her perfectly curated life. Bonnie, once a promising boxer, now works as a bouncer at a club in Los Angeles. But after a serious lapse one night, she&#x2019;s forced to leave the city behind. Meanwhile, Lucky, the youngest and most rebellious of the three, is modelling in Paris, though her wild partying is beginning to take its toll.

The sisters are still reeling from the sudden death of Nicky, their beloved fourth sister. A year after her passing, they reunite in New York to stop the sale of their childhood home. There, they come to realise that only by facing their grief, addiction, and heartbreak together can they begin to heal &#x2014; and perhaps, learn to fall in love with life again.</subfield>
  </datafield>
  <datafield tag="650" ind1=" " ind2="0">
    <subfield code="a">Addiction</subfield>
    <subfield code="9">25453</subfield>
  </datafield>
  <datafield tag="650" ind1=" " ind2="0">
    <subfield code="a">Sisters</subfield>
    <subfield code="v">Fiction</subfield>
    <subfield code="9">22940</subfield>
  </datafield>
  <datafield tag="700" ind1=" " ind2=" ">
    <subfield code="a">&#xC1;lvarez Herrero, Bruno</subfield>
    <subfield code="e">translator</subfield>
    <subfield code="9">25454</subfield>
  </datafield>
  <datafield tag="942" ind1=" " ind2=" ">
    <subfield code="2">lcc</subfield>
  </datafield>
  <datafield tag="952" ind1=" " ind2=" ">
    <subfield code="0">0</subfield>
    <subfield code="1">0</subfield>
    <subfield code="2">lcc</subfield>
    <subfield code="4">0</subfield>
    <subfield code="7">0</subfield>
    <subfield code="a">TBS</subfield>
    <subfield code="b">TBS</subfield>
    <subfield code="d">2025-10-13</subfield>
    <subfield code="l">0</subfield>
    <subfield code="o">P-SP MEL</subfield>
    <subfield code="p">B07672</subfield>
    <subfield code="r">2025-10-13</subfield>
    <subfield code="t">1</subfield>
    <subfield code="w">2025-10-13</subfield>
    <subfield code="y">1</subfield>
  </datafield>
  <datafield tag="999" ind1=" " ind2=" ">
    <subfield code="c">4744</subfield>
    <subfield code="d">4744</subfield>
  </datafield>
</record>
